000 00652nam a2200217 a 4500
001 62757
003 BD-RjUL
005 20211209081123.0
008 170125m19689999pk a 000 0 eng
035 _a(BD-RjUL)62884
040 _aDLC
_cDLC
_dBD-RjUL
_beng
041 _aeng
082 0 0 _a790.2095
_223
_bPER 1968
245 1 0 _aPerforming arts of Afro-Asia /
_cEd. By Afro-Asian Book Club.
260 _aLahore :
_bPeople's republic of china,
_c1968
300 _av. 71 p. :
_bill. ;
_c19 cm.
650 0 _aPerforming arts
_zAfrica.
_9186541
650 0 _aPerforming arts
_zAsia.
_9186542
700 _aBook Club. Afro-Asian
_9186543
942 _2ddc
_cBK
999 _c62757
_d62757